Normal view
MARC view
- EVERITT, W. L,ANNER, G. E
Entry Personal Name
001 - CONTROL NUMBER
- control field: 56873
003 - CONTROL NUMBER IDENTIFIER
- control field: NUST
005 - DATE AND TIME OF LATEST TRANSACTION
- control field: 20210628201809.0
008 - FIXED-LENGTH DATA ELEMENTS
- fixed length control field: 210628|| aca||aabn | a|a d
040 ## - CATALOGING SOURCE
- Original cataloging agency: NUST
- Transcribing agency: NUST
100 ## - HEADING--PERSONAL NAME
- Personal name: EVERITT, W. L,ANNER, G. E
670 ## - SOURCE DATA FOUND
- Source citation: Work cat.: (NUST): EVERITT, W. L,ANNER, G. E, COMMUNICATION ENGINEERING, 1956
